| 000 | 00777cab a2200217 4500 | ||
|---|---|---|---|
| 001 | ABS54771 | ||
| 008 | 090401t1996 xxu||||| |||| 00| 0 eng d | ||
| 035 | _a(Sirsi) u12205 | ||
| 041 | _aeng | ||
| 100 | _aBroad, M. | ||
| 245 | _aMoving the goal-posts | ||
| 260 | _c1996 | ||
| 350 | _a0 | ||
| 490 |
_aProperty Week _v54(13) 28 March 1996, 32-34(3) |
||
| 520 | _aWith the introduction of all-seater stands following the Hillsborough disaster, many smaller football clubs such as Sunderland and Middlesbrough have found it more cost effective to relocate to new sites and build purpose-built stadia than to convert existing stadia. | ||
| 650 | _aALL-SEATER STANDS | ||
| 650 | _aFOOTBALL STADIA | ||
| 690 | _aLEISURE AND RECREATION | ||
| 942 | _n0 | ||
| 948 | _c04/03/1997 | ||
| 999 |
_c7811 _d7811 |
||